| 000 | 00553cam a22002054a 4500 | ||
|---|---|---|---|
| 005 | 20250605164301.0 | ||
| 008 | 250528s ||||||||||||||||||||||||d | ||
| 035 | _a22058 | ||
| 020 | _a9789609405614 | ||
| 040 |
_aGR-AtMCL _bgre _dGR-AtMCL _eAACR2 |
||
| 245 | 1 | _aΨΥΧΟΛΟΓΙΚΗ ΥΠΟΣΤΗΡΙΞΗ ΤΟΥ ΖΕΥΓΑΡΙΟΥ ΜΕ ΚΑΡΚΙΝΟ | |
| 250 | _a1 | ||
| 260 |
_bΠεδίο, _c2010 |
||
| 300 | _a374 | ||
| 700 | 1 |
_aKayser Karen _97939 |
|
| 700 | 1 |
_aScott Jennifer L _97940 |
|
| 942 | _cBK | ||
| 999 |
_c7114 _d7114 |
||